00289nam a22001097a 4500003000400000020001500004082001900019100004700038245004000085260004600125300000800171SGT a8170554659 a891.4309bB10D aदुबे, श्यामाचरण  aभारतीय ग्राम  bवाणी प्रकाशन c2010 a240